| 000 | 01235pab a2200193 454500 | ||
|---|---|---|---|
| 008 | 180718b2003 xxu||||| |||| 00| 0 eng d | ||
| 100 | _aRay Chowdhury, Supriya | ||
| 245 | _aOld classes and new spaces: urban poverty, unorganised labour and new unions | ||
| 260 | _c2003 | ||
| 300 | _ap.5277-284. | ||
| 362 | _a13 Dec | ||
| 520 | _aCritical perspectives on globalisation acknowledge the need for mitigating the inegalitarian impact of marketisation upon disadvantaged sections on social security and welfare measures. However, scant attention has been paid to the fact that today the political leverage of the traditional protagonists of welfare - the welfare state, social-democratic parties and trade unions - has been eroded. As such, the discourse on welfare and social security is unanchored in any kind of politics. This paper looks at the activities of the National Centre for Labour. Its relationship to traditional trade unions and leftist parties frames the discussion of the limits of the effectiveness of new unions in empowering the poor. - Reproduced. | ||
| 650 | _aGlobalization | ||
| 650 | _aTrade Unions | ||
| 650 | _aLabour | ||
| 650 | _aPoverty | ||
| 773 | _aEconomic and Political Weekly | ||
| 909 | _a58959 | ||
| 999 |
_c58959 _d58959 |
||